Directory of German departments, faculties, and programs in the United States.

Bibliographic Details
Corporate Author: Deutscher Akademischer Austauschdienst
Format: Serial
Language:English
Published: Bonn ; New York : Deutscher Akademischer Austauschdienst, [1981-]
Subjects:

MARC

Tag First Indicator Second Indicator Subfields
LEADER 00000cas a2200000 a 4500
001 in00000088721
005 20151008065224.0
008 811223c19809999gw uu r 0uuua0eng d
035 |a (OCoLC)08018740 
035 |9 AAK5569AM 
037 |b German Academic Exchange Service (DAAD), New York Office, 535 Fifth Ave., Suite 1007, New York, N.Y., 10017 
040 |a NDD  |c NDD  |d IXA  |d TXA  |d UtOrBLW 
049 |a TXAE 
090 |a PF3068.U6  |b D47 
092 |a 430.025  |b D598, G373x 
245 0 0 |a Directory of German departments, faculties, and programs in the United States. 
264 1 |a Bonn ;  |a New York :  |b Deutscher Akademischer Austauschdienst,  |c [1981-] 
264 4 |c ©1981- 
300 |a volumes ;  |c 22 cm. 
336 |a text  |b txt  |2 rdacontent 
337 |a unmediated  |b n  |2 rdamedia 
338 |a volume  |b nc  |2 rdacarrier 
362 0 |a 1980- 
650 0 |a German philology  |x Study and teaching  |z United States  |x Directories. 
650 0 |a Scholars  |z United States  |x Directories. 
710 2 |a Deutscher Akademischer Austauschdienst. 
730 0 |a Monatshefte. 
999 |a MARS 
999 f f |s 954a80a0-b69c-3ab7-a43c-706287772d82  |i 04da2e0f-07da-30e6-ae5a-8ff655bc4567  |t 0 
952 f f |p normal  |a Texas A&M University  |b College Station  |c Sterling C. Evans Library  |d Evans: Library Stacks  |t 0  |e PF3068.U6 D47  |h Library of Congress classification  |i unmediated -- volume  |k 1980  |m A14807375657 
998 f f |a PF3068.U6 D47  |s 1980  |t 0  |l Evans: Library Stacks